| 000 | 00679nam a2200193 4500 | ||
|---|---|---|---|
| 008 | 171206b xxu||||| |||| 00| 0 eng d | ||
| 020 | _a0145132916 | ||
| 082 |
_21998 _aDC 347.066 _bG93f |
||
| 100 |
_924322 _aGudjonsson, Gisli H.,author. |
||
| 245 |
_aForensic psychology : _b a guide to practice / _cGisli H. Gudjonsson, L. R. C. Haward. |
||
| 260 |
_aLondon : _bRoutledge, _c© 1998 |
||
| 300 |
_axi,240 pages ; _c23 cm. |
||
| 500 | _aIncludes references and index. | ||
| 650 | 0 |
_924325 _aForensic psychology. |
|
| 650 | 0 |
_924326 _aMedical _xForensic Medicine. |
|
| 650 | 0 |
_924327 _aMedical _xPreventive Medicine. |
|
| 700 |
_924329 _aHaward, L. R. C.,author. |
||
| 942 |
_2ddc _cDC |
||
| 999 |
_c7925 _d7925 |
||